00330pab a2200121 454500008004000000100001900040245007500059260000900134300001200143362000800155650002400163773002100187180718b1998 xxu||||| |||| 00| 0 eng d aChiu, W. Henry aIncome inequality, human capital accumulation and economic performance c1998 ap.44-59 aJan aIncome distribution aEconomic Journal